000
00491nam a2200145Ia 4500
008
100204s9999 xx 000 0 und d
082
_b
14008
100
_a
लागू चिंतामणी
245
_a
देव नाही राहिला
260
_b
"उदयदीप प्रकाशन , मुंबई"
_c
1982
300
_a
212
630
_a
देव नाही राहिला
730
_a
देव नाही राहिला
942
_c
BOOK
999
_c
458439
_d
458436